Vladimír Mišík : letní rozhovor s Ondřejem Bezrem /

Hlavní autor: Mišík, Vladimír, 1947-
Další autoři: Bezr, Ondřej, 1968-
Jazyk: Čeština
Vydáno: Brno : Petrov, 1999
Vydání: Vyd. 1., 1. dot.
Témata:
Fyzický popis: 188 s. : il. ; 22 cm
Knihy
Uloženo v:
LEADER 01361nam a2200397 a 4500
001 000467269
003 CZ BrMZK
005 20210201164124.0
007 ta
008 000115s1999 xr e 1acze d
020 |a 80-7227-060-5 
040 |a BOA001  |b cze 
043 |a e-xr--- 
045 |a x4x9 
072 7 |a 78.07  |x Hudebníci, skladatelé a jiná hudební povolání  |2 Konspekt  |9 9 
072 7 |a 929  |x Biografie  |2 Konspekt  |9 8 
080 |a 78.036.071.2  |2 MRF 
080 |a 78.071.1/.2  |2 MRF 
080 |a 929  |2 MRF 
080 |a (437.3)  |2 MRF 
080 |a (047.53)  |2 MRF 
100 1 |a Mišík, Vladimír,  |d 1947-  |7 jn19990209554  |4 ive 
245 1 0 |a Vladimír Mišík :  |b letní rozhovor s Ondřejem Bezrem /  |c Vladimír Mišík 
250 |a Vyd. 1., 1. dot. 
260 |a Brno :  |b Petrov,  |c 1999 
300 |a 188 s. :  |b il. ;  |c 22 cm 
500 |a Diskogr. 
600 1 7 |a Mišík, Vladimír,  |d 1947-  |7 jn19990209554 
648 7 |a 20. století  |7 ch460558 
650 0 7 |a rockoví zpěváci  |7 ph311279  |z Česko  |y 20. století  |2 czenas 
650 0 7 |a rockoví hudebníci  |7 ph125178  |z Česko  |y 20. století  |2 czenas 
655 7 |a rozhovory  |7 fd133303  |2 czenas 
700 1 |a Bezr, Ondřej,  |d 1968-  |7 jn20010601238  |4 ivr 
910 |a BOA001  |b 2-1069.944 
990 |a BK 
996 6 |b 2610110412  |c 2-1069.944  |l MZK  |r Sklad / do 1 hodiny  |n 1  |p p.v.  |w 000467269  |u 000010  |a 1  |e BOA001  |j MZK50  |s P